000
00334nam a22001457a 4500
008
210226b ||||| |||| 00| 0 eng d
020
_a
9780582098626
041
_a
eng
080
_2
3rd
_a
32
082
_a
32
100
_a
19
101
_a
SHP
245
_a
World-Economy, Nation-State and Locality
_c
Taylor, P.J
942
_2
udc
_c
BK
999
_c
55305
_d
55305